Statistics for Top 10 AFC East NFL players of all time

Click here to take the quiz!

General Stats

  • This quiz has been taken 29 times
  • The average score is 6 of 10

Answer Stats

TeamAnswer% Correct
PatriotsTom Brady
96%
DolphinsDan Marino
84%
PatriotsRob Gronkowski
72%
BillsBruce Smith
64%
BillsO.J. Simpson
60%
PatriotsRandy Moss
56%
JetsDarrelle Revis
44%
PatriotsJohn Hannah
44%
JetsCurtis Martin
36%
DolphinsDwight Stephenson
4%

Score Distribution

Percentile by Number Answered

Percent of People with Each Score

Your Score History

You have not taken this quiz